Statistics for Famous Armstrongs Quiz

Click here to take the quiz!

General Stats

  • This quiz has been taken 198 times
    (153 since last reset)
  • The average score is 3 of 9

Answer Stats

Description Armstrong % Correct
First man on the moonNeil Armstrong
96%
"Most successful Tour de France cyclist"Lance Armstrong
95%
Satchmo, American trumpeter and singerLouis Armstrong
86%
Lead guitarist of Green DayBillie Joe Armstrong
33%
Chicago Bulls basketball playerB.J. Armstrong
12%
Plays Brian Lane in New TricksAlun Armstrong
8%
British singer, debut album called No AngelsDido Armstrong
6%
Producer, brother of singer aboveRollo Armstrong
4%
Scottish rugby union scrum-half playerGary Armstrong
4%

Score Distribution

Percentile by Number Answered

Percent of People with Each Score

Your Score History

You have not taken this quiz since the last reset